<?xml version="1.0" encoding="UTF-8"?>
<resp>
  <nextPage>https://data.bn.org.pl/api/networks/bibs.marcxml?marc=001+b00001150000519&amp;sinceId=1150000520</nextPage>
  <collection>
    <record xmlns='http://www.loc.gov/MARC21/slim'><leader>01187namZa2200349ZiZ4500</leader><controlfield tag='001'>b00001150000519</controlfield><controlfield tag='005'>20260401103522.9</controlfield><controlfield tag='008'>230609s        pl           |000 0 pol c</controlfield><controlfield tag='009'>9913261515505606</controlfield><datafield ind1=' ' ind2=' ' tag='020'><subfield code='a'>8370700268</subfield></datafield><datafield ind1=' ' ind2=' ' tag='035'><subfield code='a'>KR_1KR_1_20120317230226067301-48omnis_kr</subfield></datafield><datafield ind1=' ' ind2=' ' tag='035'><subfield code='a'>KR_1_20120317230226067301</subfield><subfield code='9'>ExL</subfield></datafield><datafield ind1=' ' ind2=' ' tag='035'><subfield code='a'>(PL)b00001150000519</subfield></datafield><datafield ind1=' ' ind2=' ' tag='040'><subfield code='a'>KR_1</subfield><subfield code='c'>KR_1</subfield></datafield><datafield ind1='1' ind2=' ' tag='041'><subfield code='a'>pol</subfield><subfield code='h'>eng</subfield></datafield><datafield ind1='1' ind2=' ' tag='100'><subfield code='a'>Woods, Sherryl</subfield></datafield><datafield ind1='1' ind2='0' tag='245'><subfield code='a'>Dolina serca /</subfield><subfield code='c'>Sherryl Woods ; [przeł. Leszek Otrębski].</subfield></datafield><datafield ind1=' ' ind2=' ' tag='260'><subfield code='a'>Warszawa [i in.] :</subfield><subfield code='b'>&quot;Arlekin&quot; - Wydaw. Harlequin Enterprises,</subfield><subfield code='c'>1992.</subfield></datafield><datafield ind1=' ' ind2=' ' tag='300'><subfield code='a'>157 s. ;</subfield><subfield code='c'>18 cm.</subfield></datafield><datafield ind1='1' ind2=' ' tag='490'><subfield code='a'>Harlequin Desire ;</subfield><subfield code='v'>14</subfield></datafield><datafield ind1=' ' ind2=' ' tag='500'><subfield code='a'>p</subfield></datafield><datafield ind1=' ' ind2='9' tag='650'><subfield code='a'>Powieść amerykańska</subfield><subfield code='y'>20 w.</subfield></datafield><datafield ind1='1' ind2=' ' tag='700'><subfield code='a'>Otrębski, Leszek</subfield><subfield code='e'>Tł.</subfield></datafield><datafield ind1=' ' ind2=' ' tag='852'><subfield code='b'>48OMNIS_NETWORK</subfield><subfield code='8'>9913261515505606</subfield></datafield><datafield ind1=' ' ind2=' ' tag='852'><subfield code='b'>48OMNIS_KR</subfield><subfield code='8'>991000005199708216</subfield></datafield><datafield ind1=' ' ind2=' ' tag='852'><subfield code='b'>48OMNIS_TL</subfield><subfield code='8'>991000407309608218</subfield></datafield><datafield ind1=' ' ind2=' ' tag='852'><subfield code='8'>225374440008216</subfield><subfield code='j'>0</subfield><subfield code='b'>KR_6_1</subfield><subfield code='p'>KR_6_20121110182537098609-KR_6_20121110182537098609_1</subfield><subfield code='c'>SZAS_KS</subfield></datafield><datafield ind1=' ' ind2=' ' tag='852'><subfield code='8'>224389960008218</subfield><subfield code='j'>1</subfield><subfield code='b'>TL_4_1</subfield><subfield code='p'>017866WD</subfield><subfield code='c'>TL_4_1_1</subfield></datafield><datafield ind1=' ' ind2=' ' tag='920'><subfield code='a'>83-7070-026-8</subfield></datafield></record>
  </collection>
</resp>
